<La> Bulgarie pays d'Europe

Saved in:
Bibliographic Details
Format: Book
Language:French
Bulgarian
English
Published: Paris Les enjeux de la Europe 1995
Subjects:
Tags: Add Tag
No Tags, Be the first to tag this record!

MARC

LEADER 00000nam a2200000 4500
001 c120083
005 20221123112206.3
041 0 |a fre 
041 0 |a bul 
041 0 |a eng 
044 |a FR 
245 1 0 |a <La> Bulgarie  |b pays d'Europe 
264 1 |a Paris  |b Les enjeux de la Europe  |c 1995 
300 |a 110 s. 
610 2 0 |a Bulharsko 
610 2 0 |a situácia hospodárska 
610 2 0 |a situácia sociálna 
610 2 0 |a politika hospodárska 
610 2 0 |a priemysel 
610 2 0 |a rozvoj hospodársky 
610 2 0 |a OECD